CARPENTRY & Joinery: aligned to the national occupational standards
Spremljeno u:
| Format: | Knjiga |
|---|---|
| Jezik: | engleski |
| Izdano: |
Cengage Learning EMEA,
2012.
|
| Oznake: |
Dodaj oznaku
Bez oznaka, Budi prvi tko označuje ovaj zapis!
|
MARC
| LEADER | 00000nam a22000007a 4500 | ||
|---|---|---|---|
| 008 | 210416b ||||| |||| 00| 0 eng d | ||
| 020 | |a 978-1-4080-4187-1 | ||
| 245 | |a CARPENTRY & Joinery: |b aligned to the national occupational standards |c Lucy Arthy |e (Construction workbook series). | ||
| 250 | |c Lucy Arthy | ||
| 260 | |b Cengage Learning EMEA, |c 2012. |h Hampshire, UK: |i 691359 - (Level 1&2) |i 691360 |l TH5604 .C22 |m Carpentry. | ||
| 500 | |a “It includes index”. | ||
| 942 | |a lcc |c BK |e Adeniran F. A |f 16/04/2021 | ||
| 952 | |0 0 |1 0 |2 lcc |4 0 |6 TH5604 C22 |7 0 |9 2152 |a HOL |b EDM |c QZ |d 2021-04-16 |l 0 |o TH5604 .C22 |p 2021-6006 |r 2021-04-16 00:00:00 |w 2021-04-16 |y BK | ||
| 952 | |0 0 |1 0 |2 lcc |4 0 |6 TH5604 C22 |7 0 |9 2153 |a HOL |b HOL |c QZ |d 2021-04-16 |l 0 |o TH5604 .C22 |p 2021-6007 |r 2021-04-16 00:00:00 |w 2021-04-16 |y BK | ||
| 999 | |c 1118 |d 1118 | ||